000 01334cam a2200373 i 4500
001 19899251
003 OSt
005 20230306122450.0
008 170810s2019 at a b 001 0 eng c
010 _a 2017952179
016 7 _a101725163
_2DNLM
020 _a1337564151
035 _a(OCoLC)on1035399318
040 _aNLM
_beng
_cNLM
_erda
_dOCLCO
_dDLC
042 _apcc
050 0 0 _aBF81
_b.H39 2019
100 1 _aHenley, Tracy B.,
245 1 0 _aHergenhahn's an introduction to the history of psychology /
_cTracy B. Henley.
246 1 _aIntroduction to the history of psychology
250 _a8th ed.
264 1 _aAustralia :
_bCengage,
_c2019
300 _axvii, 696 p :
_bill ;
_c24 cm
336 _atext
_btxt
_2rdacontent
337 _aunmediated
_bn
_2rdamedia
338 _avolume
_bnc
_2rdacarrier
500 _aPreceded by: An introduction to the history of psychology / B.R. Hergenhahn, Tracy B. Henley. Seventh edition. [2014].
504 _aIncludes bibliographical references (pages 619-661) and indexes.
650 1 2 _aPsychology
_xhistory.
700 1 _aHergenhahn, B. R.,
_d1934-2007.
_tIntroduction to the history of psychology.
_iPreceded by (work):
906 _a7
_bcbc
_cpccadap
_d2
_encip
_f20
_gy-gencatlg
942 _2lcc
_cBK
999 _c19693
_d19692